NBA MVP quiz from 1990 to 1999 - Statistics

General Stats
  • This quiz has been taken 40 times
  • The average score is 10 of 10
Answer Stats
Hint Answer % Correct
MAGIC Magic Johnson
100%
23 Michael Jordan
100%
23 Michael Jordan
100%
23 Michael Jordan
100%
23 Michael Jordan
100%
Spurs David Robinson
97%
the Dream Hakeem Olajuwon
97%
The mailman Karl Malon
97%
The mailman Karl Malone
94%
The Bread Truck Charles Barkley
86%
No matching quizzes found
Score Distribution
Percent of People with Each Score
Percentile by Number Answered
Your Score History
You have not taken this quiz